Cracking the C, C++ and Java Interview (Record no. 11391)

MARC details
000 -LEADER
fixed length control field 00346nam a22001457a 4500
003 - CONTROL NUMBER IDENTIFIER
control field OSt
008 - FIXED-LENGTH DATA ELEMENTS--GENERAL INFORMATION
fixed length control field 220615b ||||| |||| 00| 0 eng d
020 ## - INTERNATIONAL STANDARD BOOK NUMBER
International Standard Book Number 9781259006098
082 ## - DEWEY DECIMAL CLASSIFICATION NUMBER
Classification number 621.382076
100 ## - MAIN ENTRY--PERSONAL NAME
Personal name GANESH,S.G.
245 ## - TITLE STATEMENT
Title Cracking the C, C++ and Java Interview
260 ## - PUBLICATION, DISTRIBUTION, ETC. (IMPRINT)
Place of publication, distribution, etc New Delhi
Name of publisher, distributor, etc TMH
Date of publication, distribution, etc 2021
300 ## - PHYSICAL DESCRIPTION
Extent 463
942 ## - ADDED ENTRY ELEMENTS (KOHA)
Source of classification or shelving scheme Dewey Decimal Classification
Koha item type Text Books
Holdings
Withdrawn status Lost status Source of classification or shelving scheme Damaged status Not for loan Collection code Home library Current library Date acquired Source of acquisition Currency Cost, normal purchase price Bill Number Total Checkouts Full call number Acc. no. / Barcode Date last seen Actual Cost, discounted price Bill Date Koha item type
    Dewey Decimal Classification     B.Tech(CSE) PIET C-LIBRARY PIET C-LIBRARY 10/06/2022 Kirti Prakashan Indian Rup 755.00 IN364   621.38 GAC 33744 15/06/2022 513.40 10/06/2022 Text Books

Design & Developed by: PIET Central Library
R70 Miles Stone Pattikalyana Samalkha Panipat 132102
mail ID :- [email protected], Phone No:- 0180-2569700 Ex.216